[Event "Dortmund Sparkassen op 47th"]
[Site "Dortmund"]
[Date "2019.07.20"]
[Round "8"]
[White "Schriewer, Thomas"]
[Black "Meier, Silas"]
[Result "0-1"]
[WhiteElo "2004"]
[BlackElo "1811"]
[PlyCount "74"]
[EventDate "2019.07.13"]
[EventType "swiss"]
[EventRounds "9"]
[EventCountry "GER"]
[SourceTitle "EXT 2020"]
[Source "ChessBase"]
[SourceDate "2019.10.17"]
[SourceVersion "1"]
[SourceVersionDate "2019.10.17"]
[SourceQuality "1"]

1. d4 d5 2. Bf4 Nf6 3. e3 c5 4. c3 Nc6 5. Nd2 Bf5 6. Qb3 Qb6 7. dxc5 Qxb3 8. Nxb3 e5 9. Bg3 a5 10. Nf3 Nd7 11. Bb5 f6 12. 0-0 Nxc5 13. Rfd1 Be6 14. Nxc5 Bxc5 15. Rac1 Ke7 16. a3 Bb6 17. Kf1 Rhd8 18. h3 Bf7 19. Bh4 Kf8 20. Ke2 g5 21. Bg3 Bh5 22. Ke1 e4 23. Nd4 Nxd4 24. cxd4 Bxd1 25. Kxd1 Rac8 26. Rb1 Bc7 27. Bxc7 Rxc7 28. Rc1 Rxc1+ 29. Kxc1 Ke7 30. Kd2 f5 31. Be2 f4 32. Bg4 Kf6 33. Kd1 fxe3 34. fxe3 Rd6 35. Bh5 Ke7 36. Bg4 Rb6 37. Kc1 Rf6 0-1

[Event "GER-chT U14"]
[Site "Magdeburg"]
[Date "2018.12.30"]
[Round "7.1"]
[White "Bui, Bao Anh Le"]
[Black "Meier, Silas"]
[Result "1/2-1/2"]
[WhiteElo "2071"]
[BlackElo "1758"]
[PlyCount "60"]
[EventDate "2018.12.27"]
[EventType "team-swiss"]
[EventRounds "7"]
[EventCountry "GER"]
[SourceTitle "CBM 188 Extra"]
[Source "ChessBase"]
[SourceDate "2019.02.26"]
[SourceVersion "1"]
[SourceVersionDate "2019.02.26"]
[SourceQuality "1"]
[WhiteTeam "Berlin Mattnetz"]
[BlackTeam "Paderborn"]
[WhiteTeamCountry "GER"]
[BlackTeamCountry "GER"]

1. e4 Nf6 2. e5 Nd5 3. Nc3 e6 4. Nxd5 exd5 5. Qf3 c6 6. d4 d6 7. exd6 Bxd6 8. Bf4 Qe7+ 9. Ne2 Nd7 10. 0-0-0 Bxf4+ 11. Qxf4 Nf6 12. Ng3 0-0 13. Bd3 Re8 14. h4 Be6 15. h5 h6 16. Bf5 Bxf5 17. Nxf5 Qe6 18. f3 Nh7 19. Rh3 Kh8 20. Rg3 Ng5 21. Rxg5 hxg5 22. Qxg5 Qf6 23. Qxf6 gxf6 24. g4 Re6 25. h6 Kh7 26. b3 Re2 27. Rh1 Rae8 28. Nd6 R8e7 29. Nf5 R7e6 30. Ng7 R6e3 1/2-1/2

[Event "GER-chT U12"]
[Site "Magdeburg"]
[Date "2016.12.28"]
[Round "4.1"]
[White "Meier, Silas"]
[Black "Lutz, Ruben"]
[Result "0-1"]
[WhiteElo "1535"]
[BlackElo "1823"]
[PlyCount "118"]
[EventDate "2016.12.27"]
[EventType "team-swiss"]
[EventRounds "7"]
[EventCountry "GER"]
[SourceTitle "EXT 2018"]
[Source "ChessBase"]
[SourceDate "2017.10.13"]
[SourceVersion "1"]
[SourceVersionDate "2017.10.13"]
[SourceQuality "1"]
[WhiteTeam "Paderborn Akademie"]
[BlackTeam "Dresden TU"]
[WhiteTeamCountry "GER"]
[BlackTeamCountry "GER"]

1. e4 e6 2. d4 d5 3. exd5 exd5 4. Bd3 Bd6 5. Ne2 Bg4 6. Be3 Nf6 7. f3 Bh5 8. Qd2 Nbd7 9. Nbc3 c6 10. 0-0-0 Qc7 11. Rde1 0-0-0 12. Bf4 Bg6 13. Bxd6 Qxd6 14. Nf4 Nb6 15. Nxg6 hxg6 16. h3 Nh5 17. Ne2 Rhe8 18. g4 Ng3 19. Rhg1 Nxe2+ 20. Rxe2 Rxe2 21. Qxe2 Qf4+ 22. Kb1 Qxd4 23. Re1 Na4 24. c3 Qb6 25. Qc2 Nc5 26. Re7 Nxd3 27. Qxd3 Rd7 28. Re8+ Kc7 29. Qd4 Qxd4 30. cxd4 g5 31. Kc2 Kd6 32. Kd2 Re7 33. Rh8 b6 34. h4 gxh4 35. Rxh4 c5 36. g5 cxd4 37. Rxd4 Kc5 38. Rd3 Re5 39. Rc3+ Kd6 40. f4 Re4 41. Ra3 a5 42. Rf3 Ke6 43. f5+ Ke5 44. f6 g6 45. Rc3 Kf5 46. Rc7 Kxg5 47. Rxf7 Re6 48. Rd7 Kxf6 49. Rxd5 g5 50. Rd8 g4 51. Rf8+ Kg5 52. Rg8+ Kf4 53. Rf8+ Kg3 54. b3 Kg2 55. Rf7 g3 56. Rf8 Kg1 57. Rf7 g2 58. Rf5 Rh6 59. Ke2 Kh1 0-1

[Event "Dortmund Sparkassen op-B 44th"]
[Site "Dortmund"]
[Date "2016.07.11"]
[Round "3"]
[White "Righi, Sofian"]
[Black "Meier, Silas"]
[Result "1/2-1/2"]
[WhiteElo "1790"]
[BlackElo "1456"]
[PlyCount "213"]
[EventDate "2016.07.09"]
[EventType "swiss"]
[EventRounds "9"]
[EventCountry "GER"]
[SourceTitle "CBM 173 Extra"]
[Source "ChessBase"]
[SourceDate "2016.08.29"]
[SourceVersion "1"]
[SourceVersionDate "2016.08.29"]
[SourceQuality "1"]

1. d4 Nf6 2. c4 g6 3. Nc3 d5 4. Nf3 Bg7 5. Bg5 Ne4 6. cxd5 Nxg5 7. Nxg5 e6 8. Qd2 exd5 9. Qe3+ Kf8 10. Qf4 Bf6 11. Nf3 c6 12. g3 Be6 13. Bg2 Kg7 14. 0-0 Nd7 15. Rad1 Re8 16. Rfe1 h6 17. Qd2 Qc7 18. h3 Rad8 19. Na4 Qc8 20. b4 a6 21. Rc1 Re7 22. Qc3 Rde8 23. Nc5 Nxc5 24. Qxc5 Bxh3 25. e3 Bxg2 26. Kxg2 Qd7 27. a4 Re6 28. Qc3 R8e7 29. Qc5 Re8 30. Qc3 R8e7 31. Rb1 Re8 32. Qd2 Rc8 33. Rb3 Re7 34. Reb1 Qe6 35. Qc3 Rec7 36. Rc1 Qe7 37. Qb2 Qe4 38. Rbc3 g5 39. Qc2 Qxc2 40. R3xc2 Be7 41. b5 axb5 42. axb5 Bd6 43. b6 Re7 44. Ra2 Ree8 45. Ra7 Rb8 46. Nd2 Kf6 47. Nb3 Bb4 48. Ra4 Bd6 49. Ra7 Bb4 50. Na1 Kg6 51. Nc2 Bd6 52. Rca1 f5 53. Ne1 Kf6 54. Nf3 Kg6 55. Rc1 Kf6 56. Rh1 Kg6 57. Rc1 Kf6 58. Nd2 f4 59. gxf4 gxf4 60. Kf3 fxe3 61. fxe3 Rh8 62. e4 dxe4+ 63. Nxe4+ Ke6 64. Rg1 Be7 65. Ke3 Kf7 66. Rc1 Rhe8 67. Rf1+ Kg6 68. Kd3 Bd8 69. Rb1 Be7 70. Kc4 Red8 71. Re1 Kf7 72. Rh1 Kg6 73. Re1 Kf7 74. Ng3 Bh4 75. Rf1+ Kg6 76. Nf5 Bg5 77. Ng3 Rd5 78. Rb1 Bf6 79. Ne2 Bg5 80. Nc3 Rdd8 81. Ne4 Be3 82. Rd1 Rd5 83. Nc5 h5 84. Rd3 Bg5 85. Rxb7 Rxc5+ 86. Kxc5 Rxb7 87. Kxc6 Rb8 88. d5 h4 89. Kc7 Bf4+ 90. d6 Ra8 91. b7 Ra7 92. Kb6 Ra1 93. b8Q Rb1+ 94. Kc7 Rxb8 95. Kxb8 Kg5 96. Kc8 Bxd6 97. Rxd6 Kg4 98. Rg6+ Kf3 99. Rf6+ Kg2 100. Rg6+ Kh2 101. Kd7 h3 102. Ke6 Kh1 103. Rh6 h2 104. Ke5 Kg2 105. Rg6+ Kf1 106. Rh6 Kg2 107. Rg6+ 1/2-1/2

[Event "GER-chT U10"]
[Site "Magdeburg"]
[Date "2014.12.29"]
[Round "6.2"]
[White "Meier, Silas"]
[Black "Macher, Thore"]
[Result "1-0"]
[WhiteElo "1278"]
[BlackElo "1082"]
[PlyCount "70"]
[EventDate "2014.12.27"]
[EventType "team-swiss"]
[EventRounds "7"]
[EventCountry "GER"]
[SourceTitle "EXT 2016"]
[Source "ChessBase"]
[SourceDate "2015.10.08"]
[SourceVersion "1"]
[SourceVersionDate "2015.10.08"]
[SourceQuality "1"]
[WhiteTeam "Paderborn"]
[BlackTeam "Dresden Leuben"]
[WhiteTeamCountry "GER"]
[BlackTeamCountry "GER"]

1. d4 d5 2. Nf3 e6 3. Bf4 Nf6 4. e3 c5 5. c3 Nc6 6. Bd3 Bd7 7. Nbd2 c4 8. Bc2 Be7 9. 0-0 0-0 10. Qe2 Qb6 11. Rab1 Bd8 12. e4 Bc7 13. e5 Nh5 14. Bg3 Nxg3 15. hxg3 Ne7 16. Nh2 Ng6 17. Qh5 Be8 18. Ndf3 a5 19. Ng4 Bd8 20. Kh2 f6 21. exf6 Bxf6 22. Nxf6+ Rxf6 23. Ng5 h6 24. Nh3 Nf4 25. Qd1 Nxh3 26. gxh3 Qd6 27. Kg1 b5 28. b3 Rb8 29. Qd2 b4 30. bxc4 dxc4 31. cxb4 axb4 32. Qe3 Bb5 33. Qe4 g6 34. Qe5 Rbf8 35. Rxb4 Kg7 1-0

[Event "GER-chT U10"]
[Site "Magdeburg"]
[Date "2014.12.28"]
[Round "5.2"]
[White "Grabbel, Torben Frederik"]
[Black "Meier, Silas"]
[Result "0-1"]
[WhiteElo "600"]
[BlackElo "1278"]
[PlyCount "58"]
[EventDate "2014.12.27"]
[EventType "team-swiss"]
[EventRounds "7"]
[EventCountry "GER"]
[SourceTitle "EXT 2016"]
[Source "ChessBase"]
[SourceDate "2015.10.08"]
[SourceVersion "1"]
[SourceVersionDate "2015.10.08"]
[SourceQuality "1"]
[WhiteTeam "Hamburger SK II"]
[BlackTeam "Paderborn"]
[WhiteTeamCountry "GER"]
[BlackTeamCountry "GER"]

1. d4 Nf6 2. c4 g6 3. Nc3 Bg7 4. e3 d6 5. Nf3 0-0 6. Bd3 Nbd7 7. Qd2 e5 8. e4 exd4 9. Nxd4 Ne8 10. b4 Bxd4 11. Bb2 Bg7 12. 0-0 Ne5 13. Bc2 f5 14. Bb3 Kh8 15. Rad1 Bd7 16. b5 Nf6 17. Qe3 Qe7 18. Ne2 Nxe4 19. Ba3 Qe8 20. Nf4 Bh6 21. Bb2 Bg7 22. Nd5 Qd8 23. Bd4 b6 24. Qe2 Re8 25. Bc2 Nf6 26. Rfe1 Nxd5 27. cxd5 Nf3+ 28. Qxf3 Bxd4 29. Rxd4 Rxe1# 0-1